Umweltschutz und Investitionen

Saved in:
Bibliographic Details
Other Authors: Lücke, Wolfgang, Schulz, Klaus
Format: Book
Language:German
Published: Wiesbaden Gabler 1992
Edition:1. Aufl.
Subjects:
Tags: Add Tag
No Tags, Be the first to tag this record!

MARC

LEADER 00000nam a2200000 4500
001 c006205
005 20221206083645.1
020 |a 3-409-13990-9 
041 0 |a ger 
044 |a DE 
245 1 0 |a Umweltschutz und Investitionen  |c Edit. Wolfgang Lücke, Klaus Schulz 
250 |a 1. Aufl. 
264 1 |a Wiesbaden  |b Gabler  |c 1992 
300 |a 273 s. 
610 2 0 |a ochrana prostredia životného 
610 2 0 |a investície 
610 2 0 |a manažment 
610 2 0 |a kontroling 
610 2 0 |a sadzby úrokové 
610 2 0 |a plánovanie 
610 2 0 |a priemysel automobilový 
700 1 |a Lücke, Wolfgang 
700 1 |a Schulz, Klaus